Jesenný kvet - Spisy 8

Bibliographic Details
Main Author: Jesenský, Janko, 1874-1945 (Author)
Format: Book
Language:Slovak
PhysicalDescription:155 s.
Published: Bratislava Smena 1963
Subjects:

MARC

LEADER 00000cam a2200000 a 4500
001 vtls008564526
003 SK-MaSNL
005 20260301021441.0
008 240314e1963 xx g slo
035 |a SAVUKc155051 
040 |a SNK  |b slo  |c SNK  |e AACR2 
041 1 |a slo 
044 |a xo  |c SK 
080 |a 821.162.4-1  |2 2011 
100 1 |a Jesenský, Janko,  |d 1874-1945  |4 aut  |9 185488 
245 1 0 |a Jesenný kvet - Spisy 8  |c Janko Jesenský 
260 |a Bratislava  |b Smena  |c 1963 
300 |a 155 s. 
650 0 7 |a slovenská poézia  |2 SNKPH  |9 215422 
852 |a Štátna vedecká knižnica v Banskej Bystrici 
958 |a OND 
999 |c 565372  |d 567302 
952 |a SNK  |b SNK  |y VYP  |7 0  |p 17A0626453  |o snkSD 14186/8 D1  |i snkKSP 3820/63  |0 0  |1 0  |4 0  |d 2009-08-04  |l 0  |r 2026-02-23 13:56:02  |w 2026-02-23